| 000 | 00422nam a2200157Ia 4500 | ||
|---|---|---|---|
| 008 | 230312s9999||||xx |||||||||||||| ||und|| | ||
| 020 | _a0-7645-5156-6 | ||
| 082 |
_a639.34 _bHAR-A |
||
| 100 | _aHargrove Maddy | ||
| 245 | 0 | _aAquariums For Dummies | |
| 260 |
_bWiley Publishing _aNew Jersey _c1999 |
||
| 300 | _a328 | ||
| 546 | _aEng. | ||
| 650 |
_aEngineering _vAquarim Setup , Plant and Invertebrates , Fish |
||
| 942 | _cBK | ||
| 999 |
_c1205 _d1205 |
||